000 00832nam a2200277Ia 4500
003 OSt
005 20220918163506.0
006 a|||||r|||| 00| 0
007 ta
008 220917b |||||||| |||| 00| 0 eng d
020 _a004809014X
024 _a249,056
037 _cTextual
040 _aARTS
_cARTS
_beng
041 _2eng
_aeng
082 _aY:1.5.N, M1
100 _aHoffmann Stanley Ed.
_913430
245 0 _aCulture and society in contemporary Europe
_b A casebook
260 _aLondon
_bGeroge Allen & Unwin UK
_c1981
300 _a237p.
_ccm.
490 _aCasebook series on European politics and society no.2
650 _aSOCIOLOGY
700 _a Kitromilides Paschalis
_913431
942 _hY:1.5.N, M1
_cTEXL
_2CC
999 _c119839
_d119839